Normal view
MARC view
Entry Personal Name
001 - CONTROL NUMBER
- control field: 84746
003 - CONTROL NUMBER IDENTIFIER
- control field: dpl
005 - DATE AND TIME OF LATEST TRANSACTION
- control field: 20250904123051.0
008 - FIXED-LENGTH DATA ELEMENTS
- fixed length control field: 250904|| aca||aabn | a|a d
040 ## - CATALOGING SOURCE
- Original cataloging agency: dpl
- Transcribing agency: dpl
100 ## - HEADING--PERSONAL NAME
- Personal name: Boruah Anil Kumar; Acharya [and] Laskar Indrani
670 ## - SOURCE DATA FOUND
- Source citation: Work cat.: (dpl)213327: Chutia joyanti 84745, THE DIARY CATHERINE COULD NOT READ/, 2022
